| 000 | 00908nmm a2200289 a 4500 | ||
|---|---|---|---|
| 001 | ocm000565267 | ||
| 003 | TR-IsHL | ||
| 005 | 20201028124851.0 | ||
| 008 | 110704s2007 tu tur | ||
| 007 | cr cn | ||
| 020 | _a9789756257265 | ||
| 035 |
_a565267 _b(N$T) |
||
| 050 | 0 | 4 |
_aWG340 _b.H57 2007 |
| 090 | 0 | 4 |
_aWG340 _b.H57 2007 |
| 245 | 1 | 0 |
_aHipertansiyon yıllığı 6 _h[electronic resource] / _ced. Hans Brunner ; çev. ed. Hakan Karpuz |
| 250 | _a1. bs. | ||
| 260 |
_aİstanbul : _bAvrupa Tıp Kitapçılık, _c2007 |
||
| 300 | _a288 p. | ||
| 650 | 4 | _aTıp | |
| 650 | 4 | _aMedicine | |
| 650 | 0 |
_aHipertansiyon _xEl kitapları, vb. |
|
| 650 | 0 |
_aHypertension _xHandbooks, manuals,etc. |
|
| 650 | 7 |
_aMEDICAL / General _2bisacsh |
|
| 700 | 1 | _aBrunner, Hans | |
| 700 | 1 | _aKarpuz, Hakan | |
| 856 | 4 | 0 | _uhttp://search.ebscohost.com/login.aspx?direct=true&scope=site&db=e011xww&AN=565267 |
| 999 |
_c3177 _d3177 |
||